Statistieken voor Nijl stroomgebied landen op een kaart

Klik hier om de quiz te nemen!

Algemene statistieken

  • Deze quiz is 62 keer genomen
  • De gemiddelde score is 10 van 11

Antwoorden op de kaart

Antwoorden kleurgecodeerd door een groen-rode schaal op de quizkaart volgens % correct hieronder.
 

Antwoordstatistieken

land% Correct
Egypte
100%
Ethiopië
95%
Soedan
93%
Zuid-Soedan
93%
Congo-Kinshasa
88%
Kenia
88%
Oeganda
85%
Rwanda
85%
Burundi
83%
Eritrea
83%
Tanzania
83%

Scoreverdeling

Percentiel versus Aantal Correcte Antwoorden

Procent van Mensen met Elke Score

Uw Scoregeschiedenis

U heeft deze quiz nog niet genomen